Score 0/20 Timer 06:00
1 Play Today
% Correct
Jaws
90%
KITT
88.5%
Ghostface
86.8%
Super Bowl
85.8%
A-Team
85.6%
Enterprise
85.6%
Greatest Showman
84.9%
House
84.3%
Ark
84.3%
Sporcle
83.4%
% Correct
Hit-Girl
83.3%
Katniss
82.6%
National Treasure
82.4%
Carrie
81.6%
Chopped
80.7%
Stewie
80%
Myers
79.8%
Buffy
78.1%
Camp Half Blood
75.8%
Shawn Spence
73%
Remove Ads.
Support Sporcle.
Get the best of Sporcle when you Go Orange. This ad-free experience offers more features, more stats, and more fun while also helping to support Sporcle. Thank you for becoming a member.

You're not logged in!

Compare scores with friends on all Sporcle quizzes.
OR
Log In

Sporcle TV

Today on Sporcle TV


Watch our educational content, quiz creation guides, and fun videos on Sporcle TV.

Show Comments

Extras

Top Quizzes Today


Score Distribution

Paid Content

Your Account Isn't Verified!

In order to create a playlist on Sporcle, you need to verify the email address you used during registration. Go to your Sporcle Settings to finish the process.

Report this User

Report this user for behavior that violates our Community Guidelines.

Details: